Coupe du monde (H) Meilleurs buteurs, toutes phases finales - Statistiques

Statistiques générales
  • Ce quiz a été pris 642 fois
  • Le résultat moyen est 5 sur 13
Statistiques - réponses
Nombre de Buts Joueurs % Correct
15 Ronaldo
92%
16 Miroslav Klose
78%
12 Pelé
69%
14 Gerd Müller
63%
10 Thomas Müller
63%
13 Just Fontaine
61%
10 Gabriel Batistuta
9%
10 Gary Lineker
9%
11 Såndor Kocsis
6%
11 Jürgen Klinsmann
5%
10 Grzegorz Lato
4%
10 Helmut Rahn
2%
10 Teofilo Cubillas
2%
Aucun quiz correspondant
Distribution des résultats
% des personnes avec chaque résultat
Percentile par nombre de réponses
Votre historique - résultats
Vous n’avez pas pris ce quiz